| 000 | 02863nam a22003017a 4500 | ||
|---|---|---|---|
| 003 | UA-OsUOA | ||
| 001 | 94857 | ||
| 007 | ta | ||
| 008 | 20130218b un ||||| |||| 00| 0 ukr d | ||
| 090 |
_a82-92 _bГ15 |
||
| 942 | _cBK | ||
| 040 |
_aUA-OsUOA _bukr _cUA-OsUOA _dUA-OsUOA |
||
| 245 |
_aГалицький Усе-Світ _bнезалежний культурологічний часопис "Ї" _cгол. ред. Т. Возняк |
||
| 300 | _a450 с. | ||
| 955 | _a2 | ||
| 041 | _aukr | ||
| 080 | _a82-92 | ||
| 520 | 3 | _aЗміст:Ірина Магдиш — Галицький БальзакТарас Возняк — Семантичні простори містаІван Франко — Рутенці. Типи галицьких русинівЮзеф Шуйський — Поляки і русини в ГаличиніМар'яна Левицька — Портрет містаАліса Васільєва, Ольга Артеменко — Франк | |
| 520 | 3 | _aо. ТопонімікаЮрко Прохасько — Галицький графІрина Котлобулатова — КнигаріЕнциклопедія галицьких типів. Епоха Франка* фланер* ґоґусь* руський патріот* франц йосиф I габсбурґ* канцеліст* бурмістр* візитер* виборець* виборчі гієни | |
| 520 | 3 | _a* президент суду* суддя* судія* меценас* банковець* фабрикант* інженер* тіролець сходу* зупак* ветеран* польова патрійотка* посол до сейму* старий прохасько* гімназист* жінка на студіях* картяр* фундатор гімназії* о | |
| 520 | 3 | _aтець катехит* відьма* професор* матурист* театрал* льойтнант* франко* колекціонер* краєзнавець* франко* графиня* респектована панна* дульська* пошлюбниця* морґенґабе* таємна пасія* бальова панночка* чорна дама* прос | |
| 520 | 3 | _aта тутка* бабця* еґоїст* рогоносець* коляборант* ренеґат* расиста* жидівська дитина* ганделес* циган* корчмар* пияк* фантазер* сьвіркОлесь Бережний — Сніданок у ЛьвовіБогдан Волошин — Франкові дітиЛюдмила Острякова — І | |
| 520 | 3 | _aвану Франку, з любов'ю | |
| 260 |
_aЛьвів _bЇ _c2006 |
||
| 250 | _nчисло 42 | ||
| 650 | 7 |
_a82 Література. Літературознавство _2UDC |
|
| 999 |
_c381124 _d381124 |
||